[Event "URU-ch sf"]
[Site "Montevideo"]
[Date "2024.02.10"]
[Round "3"]
[White "Alvarez, Mateo"]
[Black "Salguero, Rafael"]
[Result "0-1"]
[WhiteElo "1882"]
[BlackElo "1914"]
[PlyCount "66"]
[EventDate "2024.02.09"]
[EventType "swiss"]
[EventRounds "7"]
[EventCountry "URU"]
[SourceTitle "CB08_2024"]
[SourceDate "2024.02.21"]
[SourceVersion "1"]
[SourceVersionDate "2024.02.21"]
[SourceQuality "1"]

1. b3 d5 2. Bb2 Bf5 3. e3 e6 4. f4 Nf6 5. Nf3 Be7 6. Be2 c5 7. 0-0 h6 8. Bb5+ Nbd7 9. d3 0-0 10. Bxd7 Nxd7 11. Nbd2 b5 12. Qe1 c4 13. bxc4 bxc4 14. dxc4 dxc4 15. Nd4 Rc8 16. Bc3 Bf6 17. e4 Bh7 18. e5 Be7 19. Qe2 Nb6 20. Rad1 Nd5 21. Qf3 Bc5 22. Nb1 Bxc2 23. Kh1 Bxb1 24. f5 Bxd4 25. Rxd4 Bxf5 26. Rfd1 Qb6 27. Rxd5 exd5 28. Qxf5 Qe3 29. Bd4 Qe4 30. Qf2 c3 31. Re1 Qd3 32. Qf4 Rc4 33. e6 fxe6 0-1

[Event "Montevideo Duchamp Cup 5th"]
[Site "Montevideo"]
[Date "2022.02.15"]
[Round "5"]
[White "Salguero, Rafael"]
[Black "Boabaid, Jorge Alberto Duard"]
[Result "1/2-1/2"]
[WhiteElo "1948"]
[BlackElo "1756"]
[PlyCount "87"]
[EventDate "2022.02.12"]
[EventType "swiss"]
[EventRounds "9"]
[EventCountry "URU"]
[SourceTitle "CBM 206 Extra"]
[Source "ChessBase"]
[SourceDate "2022.03.31"]
[SourceVersion "1"]
[SourceVersionDate "2022.03.31"]
[SourceQuality "1"]

1. c4 g6 2. Nc3 Bg7 3. g3 c5 4. Bg2 Nc6 5. Nf3 Nf6 6. d4 cxd4 7. Nxd4 0-0 8. 0-0 Ng4 9. e3 Nge5 10. b3 d6 11. Nxc6 Nxc6 12. Bd2 e6 13. Rc1 Rb8 14. e4 a6 15. Be3 Qa5 16. Na4 b5 17. cxb5 axb5 18. Rxc6 bxa4 19. Qxd6 Bb7 20. Rb6 Rfd8 21. Qb4 Qxb4 22. Rxb4 axb3 23. axb3 Ba6 24. Rxb8 Rxb8 25. Rd1 h5 26. Rd6 Be2 27. Rb6 Ra8 28. h4 Ra1+ 29. Kh2 Rb1 30. Rb8+ Kh7 31. Rb7 Kg8 32. Bc5 Bc4 33. b4 Rb2 34. Rd7 Bc3 35. Bd4 Bxd4 36. Rxd4 Bb5 37. Rd8+ Kg7 38. Rb8 Bd3 39. Kg1 Rb1+ 40. Kh2 Rb2 41. Rd8 Bb5 42. Kg1 Rb1+ 43. Kh2 Rb2 44. Kg1 1/2-1/2

[Event "Montevideo Duchamp Cup 5th"]
[Site "Montevideo"]
[Date "2022.02.13"]
[Round "2"]
[White "Salguero, Rafael"]
[Black "Hoffman, Alejandro"]
[Result "1-0"]
[WhiteElo "1948"]
[BlackElo "2403"]
[PlyCount "101"]
[EventDate "2022.02.12"]
[EventType "swiss"]
[EventRounds "9"]
[EventCountry "URU"]
[SourceTitle "CBM 206 Extra"]
[Source "ChessBase"]
[SourceDate "2022.03.31"]
[SourceVersion "1"]
[SourceVersionDate "2022.03.31"]
[SourceQuality "1"]

1. d4 Nf6 2. c4 c5 3. d5 b5 4. cxb5 a6 5. bxa6 g6 6. Nc3 Bxa6 7. e4 Bxf1 8. Kxf1 d6 9. g3 Bg7 10. Kg2 Nbd7 11. Nf3 0-0 12. a4 Ra6 13. Qc2 Qa8 14. Ra3 e6 15. dxe6 fxe6 16. Rd1 d5 17. exd5 exd5 18. Nb5 Qb7 19. Bf4 Rb6 20. Bd6 Rc8 21. Kg1 Ne4 22. Bf4 c4 23. Nfd4 Bf8 24. f3 Bxa3 25. bxa3 Nec5 26. Nd6 Rxd6 27. Bxd6 Qa6 28. Bf4 Re8 29. Nb5 Nd3 30. Bc7 N7c5 31. Nc3 Qc6 32. Bf4 Nxf4 33. gxf4 Nd3 34. Rxd3 cxd3 35. Qxd3 Rd8 36. Kg2 d4 37. Ne4 Qxa4 38. Ng5 Qc6 39. Qb3+ Qd5 40. Qd3 Rc8 41. h4 Qd7 42. Kg3 Kg7 43. h5 Rc3 44. Qe4 Re3 45. Qb1 Qc7 46. h6+ Kf6 47. Qb4 Qd8 48. Nxh7+ Ke6 49. Ng5+ Kf6 50. h7 Re7 51. h8Q+ 1-0

[Event "URU-ch sf"]
[Site "Montevideo"]
[Date "2020.02.22"]
[Round "2"]
[White "Dominguez, Facundo"]
[Black "Salguero, Rafael"]
[Result "1-0"]
[WhiteElo "2135"]
[BlackElo "1906"]
[PlyCount "53"]
[EventDate "2020.02.21"]
[EventType "swiss"]
[EventRounds "8"]
[EventCountry "URU"]
[SourceTitle "CBM 195 Extra"]
[Source "ChessBase"]
[SourceDate "2020.05.31"]
[SourceVersion "1"]
[SourceVersionDate "2020.05.31"]
[SourceQuality "1"]

1. e4 e6 2. d4 d5 3. e5 c5 4. c3 Qb6 5. Nf3 Nc6 6. a3 Nh6 7. b4 cxd4 8. cxd4 Nf5 9. Be3 f6 10. exf6 gxf6 11. Nc3 Nxe3 12. fxe3 Bh6 13. Qd2 0-0 14. Bd3 Kh8 15. Na4 Qd8 16. 0-0 e5 17. Bc2 Bg4 18. Kh1 Bxf3 19. Rxf3 Nxd4 20. Rh3 Nxc2 21. Qxc2 Kg7 22. Qf5 Qc8 23. Qh5 Qxh3 24. Qxh3 b6 25. Nc3 Rfd8 26. Rd1 Rac8 27. Nxd5 1-0

[Event "URU-chTA"]
[Site "Montevideo"]
[Date "2018.07.07"]
[Round "3.32"]
[White "Salguero, Rafael"]
[Black "Torres Valdes, Frank"]
[Result "0-1"]
[WhiteElo "1887"]
[BlackElo "1992"]
[PlyCount "152"]
[EventDate "2018.07.06"]
[EventType "team-swiss"]
[EventRounds "5"]
[EventCountry "URU"]
[SourceTitle "EXT 2019"]
[Source "ChessBase"]
[SourceDate "2018.10.10"]
[SourceVersion "1"]
[SourceVersionDate "2018.10.10"]
[SourceQuality "1"]
[WhiteTeam "Trebejos II"]
[BlackTeam "Proa II"]
[WhiteTeamCountry "URU"]
[BlackTeamCountry "URU"]

1. e4 e5 2. Nf3 f5 3. d3 d6 4. Nc3 Nf6 5. g3 Nc6 6. Bg2 Be7 7. 0-0 fxe4 8. dxe4 0-0 9. Nd5 Bg4 10. Nxe7+ Qxe7 11. Qd3 Qd7 12. Bg5 h6 13. Be3 Bxf3 14. Bxf3 b6 15. Bg2 a5 16. f4 Rad8 17. Rae1 Kh8 18. c3 Qe8 19. Qc4 Qd7 20. h3 Ne7 21. Rd1 Qc6 22. Qe6 Qd7 23. Qb3 Ng6 24. Kh2 Qf7 25. Qc2 Qe8 26. f5 Ne7 27. g4 Nh7 28. Qd2 Ng8 29. h4 Qe7 30. g5 Rb8 31. Rf3 Ra8 32. Rdf1 Rab8 33. Rg3 Rbc8 34. Bh3 Rb8 35. gxh6 gxh6 36. Bxh6 Nxh6 37. Qxh6 Rf6 38. Qh5 Rg8 39. Rfg1 Rxg3 40. Rxg3 Qf7 41. Qg4 Rh6 42. Kg1 Nf6 43. Qf3 Rxh4 44. Bg2 Qh5 45. Qd3 Rg4 46. b4 Rxg3 47. Qxg3 Qg4 48. Qxg4 Nxg4 49. bxa5 bxa5 50. Bf3 Nf6 51. Kf2 Nd7 52. Ke2 Nc5 53. Kf2 Kg7 54. Ke3 Kf6 55. Bd1 d5 56. exd5 Kxf5 57. Be2 Kf6 58. Bb5 Ke7 59. a4 Kd6 60. c4 Nb3 61. Ke4 Nc5+ 62. Ke3 Ke7 63. Kf3 Kf6 64. Kg4 Nd3 65. Ba6 e4 66. Bc8 Ke5 67. Be6 Nc5 68. Bg8 Nxa4 69. Kg3 Nc5 70. Kf2 Kd4 71. Ke2 a4 72. Kd2 a3 73. Kc2 e3 74. d6 cxd6 75. Bd5 e2 76. Kd2 a2 0-1

[Event "URU-chTA"]
[Site "Montevideo"]
[Date "2018.07.06"]
[Round "1.32"]
[White "Salguero, Rafael"]
[Black "Curi, Gabriel"]
[Result "0-1"]
[WhiteElo "1887"]
[BlackElo "2136"]
[PlyCount "48"]
[EventDate "2018.07.06"]
[EventType "team-swiss"]
[EventRounds "5"]
[EventCountry "URU"]
[SourceTitle "EXT 2019"]
[Source "ChessBase"]
[SourceDate "2018.10.10"]
[SourceVersion "1"]
[SourceVersionDate "2018.10.10"]
[SourceQuality "1"]
[WhiteTeam "Trebejos II"]
[BlackTeam "Trebejos"]
[WhiteTeamCountry "URU"]
[BlackTeamCountry "URU"]

1. e4 e6 2. d4 d5 3. Nc3 Bb4 4. e5 Ne7 5. a3 Bxc3+ 6. bxc3 c5 7. Qg4 Qc7 8. Qxg7 Rg8 9. Qxh7 cxd4 10. Ne2 Nbc6 11. f4 Bd7 12. cxd4 Nxd4 13. Ra2 Nxe2 14. Bxe2 Rxg2 15. Kf1 Rg8 16. a4 0-0-0 17. Ba3 Nf5 18. c4 Qb6 19. cxd5 Qb1+ 20. Kf2 Qxh1 21. Rc2+ Kb8 22. Bf3 Qg1+ 23. Ke2 Qe3+ 24. Kf1 Rg1# 0-1

[Event "URU-chTA"]
[Site "Uruguay"]
[Date "2017.07.08"]
[Round "4.4"]
[White "De Leon, Daiana"]
[Black "Salguero, Rafael"]
[Result "1-0"]
[WhiteElo "1747"]
[BlackElo "1895"]
[PlyCount "57"]
[EventDate "2017.07.07"]
[EventType "team-swiss"]
[EventRounds "5"]
[EventCountry "URU"]
[SourceTitle "EXT 2018"]
[Source "ChessBase"]
[SourceDate "2017.10.13"]
[SourceVersion "1"]
[SourceVersionDate "2017.10.13"]
[SourceQuality "1"]
[WhiteTeam "Urreta"]
[BlackTeam "Trebejos II"]
[WhiteTeamCountry "URU"]
[BlackTeamCountry "URU"]

1. d4 Nf6 2. c4 e5 3. dxe5 Ng4 4. Nf3 Bc5 5. e3 Nc6 6. e6 fxe6 7. Be2 0-0 8. Nc3 b6 9. 0-0 Bb7 10. h3 Nge5 11. b3 Rb8 12. Bb2 Nxf3+ 13. Bxf3 Qg5 14. Ne4 Qg6 15. Ng3 Bxe3 16. fxe3 Qxg3 17. Qxd7 Na5 18. Qxe6+ Kh8 19. Be5 Qg5 20. Bf4 Qc5 21. Bxb7 Nxb7 22. Qe5 Nd6 23. Qxc5 bxc5 24. Rad1 Rbd8 25. Rd5 Rf5 26. Rxf5 Nxf5 27. Bxc7 Rf8 28. e4 Rf7 29. Rxf5 1-0

[Event "URU-chTA"]
[Site "Uruguay"]
[Date "2017.07.08"]
[Round "2.4"]
[White "Salguero, Rafael"]
[Black "Reyes, Edison"]
[Result "1-0"]
[WhiteElo "1895"]
[BlackElo "1901"]
[PlyCount "89"]
[EventDate "2017.07.07"]
[EventType "team-swiss"]
[EventRounds "5"]
[EventCountry "URU"]
[SourceTitle "EXT 2018"]
[Source "ChessBase"]
[SourceDate "2017.10.13"]
[SourceVersion "1"]
[SourceVersionDate "2017.10.13"]
[SourceQuality "1"]
[WhiteTeam "Trebejos II"]
[BlackTeam "San Jose"]
[WhiteTeamCountry "URU"]
[BlackTeamCountry "URU"]

1. e4 c5 2. Nc3 Nc6 3. Bb5 a6 4. Bxc6 bxc6 5. f4 d5 6. d3 e6 7. Nf3 Bd6 8. 0-0 Qb6 9. Na4 Qa7 10. b3 c4+ 11. Kh1 cxd3 12. cxd3 Bd7 13. Bb2 f6 14. e5 Be7 15. d4 Nh6 16. Rc1 0-0 17. Nc5 Bxc5 18. dxc5 f5 19. Nd4 Qb8 20. Qe1 Qd8 21. Rf3 Kh8 22. Qd2 Qh4 23. Bc3 Ng4 24. g3 Qh3 25. Ba5 Rg8 26. Qg2 Qh6 27. Rc2 g5 28. fxg5 Rxg5 29. Bd2 Rag8 30. Qe2 Qh3 31. Bxg5 Rxg5 32. Qxa6 Nxe5 33. Qf1 Qg4 34. Rf4 Qh5 35. Qe2 Qxe2 36. Rxe2 Ng6 37. Nxe6 Nxf4 38. Nxf4 Rg7 39. a4 Bc8 40. Re8+ Rg8 41. Rxg8+ Kxg8 42. Ne2 Ba6 43. Nd4 Bd3 44. Nxc6 Bc2 45. Nd4 1-0

[Event "URU-ch sf"]
[Site "Montevideo"]
[Date "2017.02.26"]
[Round "4"]
[White "Quevedo, Andreina"]
[Black "Salguero, Rafael"]
[Result "1/2-1/2"]
[WhiteElo "1819"]
[BlackElo "1895"]
[PlyCount "138"]
[EventDate "2017.02.24"]
[EventType "swiss"]
[EventRounds "8"]
[EventCountry "URU"]
[SourceTitle "CBM 177 Extra"]
[Source "ChessBase"]
[SourceDate "2017.04.27"]
[SourceVersion "1"]
[SourceVersionDate "2017.04.27"]
[SourceQuality "1"]

1. e4 e6 2. d4 d5 3. Nd2 Nf6 4. e5 Nfd7 5. Bd3 c5 6. c3 Nc6 7. Ne2 cxd4 8. cxd4 f6 9. exf6 Nxf6 10. Nf3 Bd6 11. 0-0 Qc7 12. h3 0-0 13. Be3 e5 14. dxe5 Nxe5 15. Nxe5 Bxe5 16. Bd4 Ne4 17. Qb3 Nf6 18. Rac1 Qb8 19. Rfe1 Bxd4 20. Nxd4 Qf4 21. Nb5 Kh8 22. g3 Qd2 23. Rcd1 Qh6 24. h4 Bg4 25. Be2 Rad8 26. Nd4 Bxe2 27. Rxe2 Ne4 28. Qd3 Qf6 29. Rf1 a6 30. Rc2 Qd6 31. Kg2 Rf6 32. f4 Rg6 33. Ne2 Re8 34. Rf3 Rge6 35. Nd4 Rf6 36. Ne2 a5 37. Nc3 Rf5 38. Nxe4 Rxe4 39. Rc8+ Rf8 40. Rxf8+ Qxf8 41. Qxd5 Qe7 42. a4 h6 43. b3 Re1 44. Rf2 Qc7 45. Qd3 Qc6+ 46. Qf3 Qc1 47. Rf1 Qc2+ 48. Rf2 Qb1 49. Rf1 Rxf1 50. Qxf1 Qxb3 51. Qa1 Qd5+ 52. Kh2 h5 53. Qc3 Kh7 54. Qc2+ Kh6 55. Qc8 Qa2+ 56. Kg1 Qxa4 57. Qh8+ Kg6 58. f5+ Kxf5 59. Qxh5+ Kf6 60. Qg5+ Kf7 61. Qd5+ Kf8 62. Qd6+ Ke8 63. Qe6+ Kd8 64. Qg8+ Qe8 65. Qd5+ Kc8 66. Qxa5 Qe3+ 67. Kg2 Qe2+ 68. Kg1 Qd1+ 69. Kg2 Qc2+ 1/2-1/2

[Event "Montevideo Trebejos op 11"]
[Site "Montevideo"]
[Date "2014.12.04"]
[Round "6"]
[White "Salguero, Rafael"]
[Black "Fuentes, Jorge"]
[Result "1/2-1/2"]
[WhiteElo "1880"]
[BlackElo "1941"]
[PlyCount "34"]
[EventDate "2014.11.24"]
[EventType "swiss"]
[EventRounds "7"]
[EventCountry "URU"]
[SourceTitle "EXT 2016"]
[Source "ChessBase"]
[SourceDate "2015.10.08"]
[SourceVersion "1"]
[SourceVersionDate "2015.10.08"]
[SourceQuality "1"]

1. d4 Nf6 2. c4 g6 3. Nf3 Bg7 4. Nc3 d6 5. Bf4 0-0 6. e3 c6 7. Be2 Nbd7 8. h3 Re8 9. 0-0 Qa5 10. Rb1 e5 11. b4 Qc7 12. Bh2 a5 13. a3 axb4 14. axb4 b6 15. c5 bxc5 16. bxc5 exd4 17. exd4 Qa5 1/2-1/2